Which came First - Statistics

General Stats
  • This quiz has been taken 199 times
  • The average score is 18 of 30
Answer Stats
Question Answer % Correct
Which came First Atomic Bomb on Hiroshima
88%
Which came First Egyptian Pyramid
88%
Which came First Gandhi
88%
Which came First Lindbergh crossing the Atlantic
88%
Which came First Coca Cola
75%
Which came First Google
75%
Which came First Jesus
75%
Which came First Nintendo
75%
Which came First Statue of Liberty
75%
Which came First World Series
75%
Which came First Cassette Tape
63%
Which came First Dog as Pet
63%
Which came First Ferdinand Magellan circles the globe
63%
Which came First French Revolution
63%
Which came First Lords of the Rings
63%
Which came First Orange Fruit
63%
Which came First The Lion King
63%
Which came First Twitter
63%
Which came First White Castle
63%
Which came First Attack on Pearl Harbor
50%
Which came First Frankenstein
50%
Which came First Photographs
50%
Which came First Snoopy
50%
Which came First Star Trek
50%
Which came First Chocolate Chip Cupcakes
38%
Which came First YouTube
38%
Which came First Adidas
25%
Which came First Incredible meaning "excellent"
25%
Which came First Sharks
25%
Which came First Spider Man
0%
No matching quizzes found
Score Distribution
Percent of People with Each Score
Percentile by Number Answered
Your Score History
You have not taken this quiz